banner-ar

دراسات فى تاريخ مكة المكرمة والمدينة المنورة فى العصر المملوكى / (Record no. 64690)

MARC details
000 -الفاتح
حقل البيانات ثابتة الطول 00848nam a22002057a 4500
005 - وقت وتاريخ اخر تعامل مع التسجيلة
رقم الضبط 20240530110744.0
008 - عناصر البيانات ثابتة الطول - معلومات عامة
حقل البيانات ثابتة الطول 181125s2018 ua g 000 0 ara d
017 ## - رقم الايداع القانونى
المصدر ( الهيئة المختصة) مصر. دار الكتب
040 ## - مصدر الفهرسة
وكالة الفهرسة الأصلية EG-CaGPL
وكالة النسخ EG-CaGPL
082 04 - رقم تصنيف ديوى العشرى
رقم الطبعة 21
رقم التصنيف 953.082 /
رقم المادة إ د
100 #0 - المدخل الرئيسى - إسم شخصى
الإسم الشخصى ابراهيم خميس
245 10 - بيان العنوان
العنوان دراسات فى تاريخ مكة المكرمة والمدينة المنورة فى العصر المملوكى /
بيان المسئوليه,etc ابراهيم خميس
260 ## - PUBLICATION, DISTRIBUTION, ETC. (IMPRINT)
تاريخ النشر أو التوزيع 2018.
300 ## - الوصف المادى
التعداد 102 ص. ؛
أبعاد الوعاء 24 سم.
650 ## - المدخل الاضافى بالموضوع-مصطلح موضوعى
مصدر الرأس أو المصطلح qrmak
651 07 - المدخل الاضافى بالموضوع - اسم جغرافى
مصدر الرأس أو المصطلح qrmak
الاسم الجغرافي المدينة المنورة
التقسيم الفرعي العام تاريخ
التقسيم الفرعي الزمني عصر المماليك
651 07 - المدخل الاضافى بالموضوع - اسم جغرافى
مصدر الرأس أو المصطلح qrmak
الاسم الجغرافي مكة المكرمة
التقسيم الفرعي العام تاريخ
التقسيم الفرعي الزمني عصر المماليك
942 ## - عناصر المدخل الإضافي( كوها)
مصدر التصنيف او مخطط الترفيف Dewey Decimal Classification
Koha [default] item type كتاب
260 ## - PUBLICATION, DISTRIBUTION, ETC. (IMPRINT)
-- الاسكندرية :
-- دار المعرفة الجامعية ،
Holdings
حالة التراجع حالة الفقد حالة تلف ليس للاعارة المكان المؤقت الموقع الحالى موقع الترفيف تاريخ الاكتساب اجمالي اﻻعارات رقم الطلب الباركود تاريخ اخر مشاهدة تاريخ تفعيل السعر نوع وعاء كوها
        مكتبة القاهرة الكبرى مكتبة القاهرة الكبرى القاعة الرئيسية 11/26/2018   953.082 / إ د 165147 11/26/2018 11/26/2018 كتاب

Powered By

EGPV